Loading...
| History - European | 0 | 4 | 0 | 0 | 40 | 77 | 102.50 | 0 | 0 | 8.02 | 16.21 |
| History - Other | 0 | 4 | 0 | 2 | 40 | 117 | 121.50 | 0 | 0 | 0.08 | 5.91 |
| Religion | 0 | 3 | 0 | 3 | 30 | 108 | 121.67 | 0 | 0 | 0.09 | 5.83 |
| Fine Arts - Classical Music | 0 | 2 | 0 | 0 | 20 | 56 | 78.50 | 0 | 0 | 6.87 | 13.33 |
| History - World | 0 | 2 | 0 | 1 | 20 | 95 | 106.50 | 0 | 0 | 2.40 | 5.00 |
| Mythology | 0 | 2 | 0 | 1 | 20 | 106 | 106.50 | 0 | 0 | 3.02 | 5.00 |
| Science - Physics | 0 | 2 | 0 | 1 | 20 | 93 | 101.50 | 0 | 0 | 2.44 | 7.05 |
| Fine Arts - Other | 0 | 1 | 0 | 0 | 10 | 125 | 125.00 | 0 | 0 | 0.88 | 1.82 |
| Science - Biology | 0 | 1 | 0 | 0 | 10 | 76 | 76.00 | 0 | 0 | 2.83 | 5.00 |
| Science - Other | 0 | 1 | 0 | 0 | 10 | 88 | 88.00 | 0 | 0 | 2.67 | 5.00 |
| Social Science | 0 | 1 | 0 | 0 | 10 | 75 | 75.00 | 0 | 0 | 3.12 | 1.67 |
| History - American | 0 | 1 | 1 | 0 | 5 | 91 | 91.00 | 0 | 0 | 3.00 | 1.67 |